| Поле | Название | Значение |
| |
Тип записи |
i |
| |
Библиографический уровень |
m |
| 001 |
Контрольный номер |
RU/IS/BASE/361385077 |
| 005 |
Дата корректировки |
20201206204807.5 |
| 010 |
Индекс ISBN |
__ |
| d |
Цена |
244-85 |
| 101 |
Язык документа |
__ |
| a |
Язык текста |
rus |
| 200 |
Заглавие и сведения об ответственности |
1_ |
| a |
Заглавие |
Сага смерти. Мгла |
| e |
Сведения, относящиеся к заглавию |
[фантаст. роман : аудиокнига] |
| f |
Первые сведения об ответственности |
Андрей Левицкий ; [читает Валерий Кухарешин] |
| b |
Общее обозначение материала |
Звукозапись |
| 210 |
Выходные данные |
__ |
| a |
Место издания |
М. |
| c |
Издательство |
Аудиокнига |
| d |
Дата издания |
2010 |
| 215 |
Физическое описание |
__ |
| a |
Объем |
1 электрон. опт. диск (Audio CD) (13 ч.) |
| 225 |
Серия |
__ |
| a |
Серия |
S.T.A.L.K.E.R. |
| 300 |
Общие примечания |
__ |
| a |
Общие примечания |
128 kbps ; CD-плеер с поддержкой MP3 или Pentium-233 с Windows 9x-XP ; CD-ROM ; звуковая карта |
| 323 |
Примечание о главных создателях, исполнителях, участниках |
__ |
| a |
Примечание о главных создателях, исполнителях, участниках |
Кухарешин, В. (читает) |
| 330 |
Аннотация |
__ |
| a |
Аннотация |
Начало эпической трилогии Андрея Левицкого «Сага смерти». После катастрофы Зона расширилась и преобразилась. Появились новые породы мутантов, которых еще не знали эти места. Возникли новые сталкерские группировки. А в глубине Зоны появился ОН – темный зловещий разум, повелитель северной Зоны. Он опасен. Он подчиняет себе все новых мутантов, он похищает сталкеров и тайно захватывает контроль над Зоной. И тогда начинается БОЛЬШОЙ ПОХОД в глубину территории отчуждения. Катя Орлова, женщина-сталкер, собирает отряд наемников и ведет за ЧАЭС. Они пересекут границу СЕВЕРНОГО МОГИЛЬНИКА – таинственного района с удивительными свойствами, откуда живым не выходил еще никто, и достигнут сверхсекретного БУНКЕРА. Параллельно развивается история двух сталкеров, уже знакомых читателю по другим книгам автора. Уходя от погони сектантов из МОНОЛИТА, напарники попадают в Скрытый город, где им предстоит сыграть немаловажную роль в Большом Походе на север Зоны. И когда герои достигнут конца долгого пути – вы узнаете, кто же такой на самом деле ХОЗЯИН МУТАНТОВ, узнаете его страшную тайну и заглянете в душу Зоны. |
| 333 |
Примечание о целевом назначении |
__ |
| a |
Примечание о целевом назначении |
16+. Для детей старше 16 лет |
| 517 |
Другие варианты заглавия |
__ |
| a |
Другие варианты заглавия |
Мгла |
| 606 |
Тематические рубрики |
__ |
| a |
Основная рубрика |
Художественная литература |
| 606 |
Тематические рубрики |
__ |
| a |
Основная рубрика |
Современная русская литература (произведения) |
| 610 |
Ключевые слова |
__ |
| a |
Ключевые слова |
фантастика; романы; фантастические романы; тема монстров; тема мутантов; сталкеры; тема компьютерных игр; тема сталкеров |
| 686 |
Индексы других классификаций |
__ |
| a |
Классификационный индекс |
84(2Рос=Рус)6-445я04 |
| 700 |
Автор |
_1 |
| a |
Фамилия |
Левицкий |
| b |
Имя |
А. Ю. |
| g |
Полное личное имя |
Андрей Юрьевич |
| 4 |
Код отношения |
070 |
| 801 |
Источник записи |
_0 |
| a |
Страна |
RU |
| b |
Организация |
Муниципальное бюджетное учреждение культуры "Централизованная библиотечная система" г. Сургут (Центральная городская библиотека им. А. С. Пушкина) |
| g |
Правила каталогизации |
КиК/Котельникова |
| 801 |
Источник записи |
_1 |
| a |
Страна |
RU |
| b |
Организация |
Муниципальное бюджетное учреждение культуры "Централизованная библиотечная система" г. Сургут (Центральная городская библиотека им. А. С. Пушкина) |
| g |
Правила каталогизации |
КиК/Котельникова |
| 852 |
Данные о местонахождении |
__ |
| j |
Шифр хранения |
84(2Рос=Рус)6-445я04 |
| i |
Авторский знак |
Л 37 |
| 901 |
Тип документа |
__ |
| t |
Тип документа |
0 |
| 903 |
Характеристики (МАРС) |
__ |
| a |
Дата передачи |
20110614 |
| 969 |
Тип издания |
__ |
| a |
Тип издания |
аудиокнига |
| 990 |
Данные о заказе (DOS) |
__ |
| j |
Количество экземпляров (DOS) |
2 |
| h |
N записи в КСУ для Б/У (DOS) |
201107 |